Návrh a výroba prípravku na tvárnenie rúr

Na minha lista:
Detalhes bibliográficos
Autor principal: Podolská, Jana (Author)
Outros Autores: Kuruc, Marcel (Thesis advisor)
Formato: Manuscrito Livro
Idioma:eslovaco
Publicado em: 2020
Assuntos:
Acesso em linha:http://is.stuba.sk/zp/portal_zp.pl?podrobnosti=160254
Tags: Adicionar Tag
Sem tags, seja o primeiro a adicionar uma tag!

MARC

LEADER 00000ntm a22000003a 4500
001 stuzp78114
003 SK-STU
005 20200718210553.4
007 ta
008 150427s2015----xo-----f-mn---000-0-slo-d
040 |a STU  |b slo 
041 0 |a slo 
100 1 |a Podolská, Jana  |u 063000  |4 aut  |U MTF Materiálovotechnologická fakulta  |T MTF Ústav výrobných technológií  |X 91708  |U M3000  |Y 83  |7 91708 
242 0 1 |a Design and manufacturing of preparation for tube forming  |y eng 
245 1 0 |a Návrh a výroba prípravku na tvárnenie rúr 
260 |c 2020 
650 4 |a Ohýbanie  |2 slo 
650 4 |a CNC ohýbačka  |2 slo 
650 4 |a CAD model  |2 slo 
650 4 |a simulácia výroby  |2 slo 
650 4 |a CNC bending machine  |2 eng 
650 4 |a Bending  |2 eng 
650 4 |a CAD model  |2 eng 
650 4 |a Porduction simulation  |2 eng 
700 1 |a Kuruc, Marcel  |u 063200  |k Z1  |4 ths  |U MTF Ústav výrobných technológií  |T MTF Katedra obrábania a počítačovej podpory technológií  |X 48583  |U M3200  |Y 164  |7 A000048583 
856 4 |u http://is.stuba.sk/zp/portal_zp.pl?podrobnosti=160254 
996 |c M* BP-8948  |l MMSKP  |s P  |a 0  |w stuzp78114_0001